[Event "Porto district-ch qual"]
[Site "Matosinhos"]
[Date "2006.05.14"]
[Round "2"]
[White "Oliveira, Carlos Andre Ramalh"]
[Black "Marques, Pedro Alexandre"]
[Result "1-0"]
[WhiteElo "2089"]
[BlackElo "1670"]
[PlyCount "29"]
[EventDate "2006.05.13"]
[EventType "swiss"]
[EventRounds "6"]
[EventCountry "POR"]
[SourceTitle "EXT 2008"]
[Source "ChessBase"]
[SourceDate "2007.11.25"]
[SourceVersion "1"]
[SourceVersionDate "2007.11.25"]
[SourceQuality "1"]

1. e4 e5 2. Nf3 Nc6 3. Bc4 Bc5 4. b4 Bxb4 5. c3 Ba5 6. d4 exd4 7. 0-0 dxc3 8. Qb3 Qf6 9. e5 Qg6 10. Nxc3 d6 11. exd6 Qxd6 12. Ba3 Bb4 13. Bxf7+ Kf8 14. Bxg8 Rxg8 15. Ng5 1-0